Countries by River - Statistics

General Stats
  • This quiz has been taken 22 times
  • The average score is 12 of 16
Answer Stats
Hint Answer % Correct
Amazon Brazil / Peru / Colombia
100%
Nile Ethiopia / Eritrea / Sudan / Uganda / Tanzania / Kenya / Rwanda / Burundi / Egypt / Democratic Republic of the Congo / South Sudan
100%
Danube Germany / Austria / Slovakia / Hungary / Croatia / Serbia / Bulgaria / Romania / Moldova / Ukraine
100%
Mississippi United States of America
100%
Yangtze China
95%
Murray Australia
90%
Mackenzie Canada
90%
Zambezi Zambia / Angola / Zimbabwe / Mozambique / Malawi / Tanzania / Namibia / Botswana
90%
Yenisey Russia / Mongolia
86%
Shatt al-Arab Iraq / Turkey / Syria / Iran
76%
Volta Ghana / Burkina Faso / Togo / Côte d'Ivoire / Benin
67%
Chenab India / Pakistan
57%
Pilcomayo Paraguay / Argentina / Bolivia
52%
Magdalena Colombia
33%
Syr Darya Kazakhstan / Kyrgyzstan / Uzbekistan / Tajikistan
33%
Beni Bolivia
19%
No matching quizzes found
Score Distribution
Percent of People with Each Score
Percentile by Number Answered
Your Score History
You have not taken this quiz